Diseño de procesos de la empresa Centro de Investigación y Desarrollo Metal Mecánico /

Gardado en:
Detalles Bibliográficos
Autor Principal: Prieto Aguilar, Paulina (autor)
Formato: Tesis Libro
Idioma:Lingua castelá
Temas:
Etiquetas: Engadir etiqueta
Sen Etiquetas, Sexa o primeiro en etiquetar este rexistro!

MARC

LEADER 00000nam^a2200000^a^4500
001 000364322
005 20250521000000.0
009 20260310115611.847
037 |a Acervo ITESO - Biblioteca 
041 |a ESP 
090 |a EMN. 24 
100 |a Prieto Aguilar, Paulina  |e (autor) 
245 1 0 |a Diseño de procesos de la empresa Centro de Investigación y Desarrollo Metal Mecánico /  |c P. Prieto Aguilar. 
264 |a Guadalajara, México :  |b edición de autor,  |c 2015 
300 |a 1 disco compacto de computadora 
336 |a datos para computadora  |b cod  |2 rdacontenido 
337 |a computadora  |b c  |2 rdamedio 
338 |a disco de computadora  |b cd  |2 rdasoporte 
502 |a ITESO Tesis de Especialidad en Mejora de Procesos de Negocio 
649 |a XX 
650 |a Empresas -  |x Administración 
650 |a Innovación Administrativa 
650 |a Análisis del Proceso 
650 |a Control de Procesos -  |x Tema Principal 
650 |a Calidad en el Servicio 
650 |a Ingeniería de Procesos 
650 |a Ciencias Administrativas 
910 |a Fondo General 
920 |a Electrónicos - Tesis del ITESO en Disco 
905 |a 202 
901 |a 0500258001  |b IT2  |c STS  |i D74142  |u 20250521 
902 |a https://opac.biblio.iteso.mx/vufind/Record/000364322